| 000 | 00381nam a2200145Ia 4500 | ||
|---|---|---|---|
| 008 | 241014s9999||||xx |||||||||||||| ||und|| | ||
| 020 | _a81-8061-278-3 | ||
| 060 | _aQV38 U 2006 | ||
| 100 | _aUdayKumar, Padaja | ||
| 245 | 0 | _aTextbook of Pharmacology for Psysiotherapy | |
| 260 |
_aNew Delhi _bJaypee Brothers _c2004 |
||
| 300 | _a413 | ||
| 650 | _aPharmacology | ||
| 942 |
_bION _cBK |
||
| 999 |
_c18223 _d18223 |
||